[Event "URS-JUG"]
[Site "Tbilisi"]
[Date "1973.??.??"]
[Round "1"]
[White "Macek, Vlasta"]
[Black "Chiburdanidze, Maia"]
[Result "0-1"]
[WhiteElo "2000"]
[BlackElo "2000"]

1.d4 g6 2.e4 Bg7 3.Be3 d6 4.c4 Nc6 5.Nc3 e5 6.d5 Nce7 7.Bd3 Nh6 8.f3 f5 9.Nge2 O-O
10.Qd2 f4 11.Bf2 c5 12.dxc6 bxc6 13.Bc2 Be6 14.Bb3 Nf7 15.Rd1 c5 16.Nd5 Nxd5
17.cxd5 Bd7 18.Bc4 g5 19.h3 h5 20.Nc3 g4 21.hxg4 hxg4 22.Ke2 g3 23.Be1 Ng5
24.Kd3 Rb8 25.Kc2 Nh7 26.Qe2 Nf6 27.Bd2 Be8 28.b3 Nd7 29.Nb5 Nb6 30.Nxa7 Ra8
31.Nc6 Rxa2+ 32.Kc3 Bxc6 33.dxc6+ d5 34.Bxd5+ Nxd5+ 35.exd5 e4+ 36.Kc4 Rc2+
37.Kb5 Qb8+ 38.Ka6 Ra2+  0-1

[Event "URS-JUG"]
[Site "Tbilisi"]
[Date "1973.??.??"]
[Round "2"]
[White "Chiburdanidze, Maia"]
[Black "Macek, Vlasta"]
[Result "1-0"]
[WhiteElo "2000"]
[BlackElo "2000"]

1.e4 Nf6 2.e5 Nd5 3.d4 d6 4.Nf3 Bg4 5.Be2 e6 6.O-O Be7 7.c4 Nb6 8.Nc3 O-O
9.Be3 d5 10.c5 Bxf3 11.Bxf3 Nc4 12.Bc1 Nc6 13.b3 N4a5 14.Be2 b6 15.cxb6 cxb6
16.Be3 Qd7 17.f4 f6 18.exf6 Bxf6 19.Bg4 Ne7 20.Bf2 Rac8 21.Rc1 Nf5 22.Ne2 Nc6
23.Bh3 Nb4 24.Re1 g6 25.g4 Nd6 26.Nc3 Bg7 27.Qd2 Nc6 28.Bg2 Kh8 29.Re2 Qf7
30.Be3 Qf6 31.Rd1 Rfe8 32.Rf2 Rcd8 33.f5 Rc8 34.g5 Qd8 35.f6 Bf8 36.h4 Nf5
37.h5 Bb4 38.hxg6 hxg6 39.Rc1 Qd7 40.Bh3 Kg8 41.Bxf5 exf5 42.Rh2 Qe6 43.Bf2 f4
44.Qd3  1-0

[Event "URS-JUG"]
[Site "Tbilisi"]
[Date "1973.??.??"]
[Round "3"]
[White "Macek, Vlasta"]
[Black "Chiburdanidze, Maia"]
[Result "0-1"]
[WhiteElo "2000"]
[BlackElo "2000"]

1.e4 d6 2.d4 Nf6 3.Nc3 g6 4.f4 Bg7 5.Nf3 O-O 6.Be2 c5 7.e5 Nfd7 8.exd6 exd6
9.d5 Nf6 10.O-O Na6 11.Nb5 Nb4 12.c4 Re8 13.a3 Na6 14.Bd3 Nc7 15.Nxc7 Qxc7
16.a4 Ng4 17.Ra3 Nh6 18.Qc2 Bf5 19.Bd2 Bxd3 20.Rxd3 Re2 21.Re3 Rxe3 22.Bxe3 Re8
23.Bc1 Nf5 24.Qd3 Qe7 25.b3 Nd4 26.h3 Qe4 27.Qxe4 Rxe4 28.Nxd4 Bxd4+ 29.Kh2 Be3
30.Bxe3 Rxe3 31.Rf3 Rxf3 32.gxf3 Kg7 33.Kg3 Kf6 34.Kf2 Kf5 35.Ke3 a5 36.h4 h5
37.Kf2 Kxf4 38.Kg2 Ke3 39.Kg3 Kd4 40.Kf4 Kc3 41.Kg5 Kxb3 42.Kf6 Kxc4 43.Kxf7 Kxd5
44.Kxg6 c4 45.f4 c3 46.f5 c2 47.f6 c1=Q 48.f7 Qf4 49.Kg7 Ke6 50.Kh8 Qf6+
51.Kh7 Qxf7+ 52.Kh8 Qe7 53.Kg8 Kf6  0-1

[Event "URS-JUG"]
[Site "Tbilisi"]
[Date "1973.??.??"]
[Round "4"]
[White "Chiburdanidze, Maia"]
[Black "Macek, Vlasta"]
[Result "1-0"]
[WhiteElo "2000"]
[BlackElo "2000"]

1.e4 e6 2.d4 d5 3.Nd2 dxe4 4.Nxe4 Nd7 5.Nf3 Ngf6 6.Nxf6+ Nxf6 7.Bd3 c5 8.dxc5 Bxc5
9.O-O O-O 10.Bg5 Be7 11.Qe2 Qc7 12.Rad1 Rd8 13.Ne5 Bd7 14.Bxh7+ Kf8 15.Bd3 Be8
16.Rfe1 Rac8 17.Qf3 Rd5 18.Qh3 Rxe5 19.Qh8+ Ng8 20.Bxe7+ Kxe7 21.Qxg8 Rg5
22.Qh7 Bc6 23.Qh4 f6 24.Be4 Qa5 25.f4 Qc5+ 26.Kh1 Rh5 27.Qg4 Kf8 28.Bxc6 Rxc6
29.Rd8+ Ke7 30.Red1 Rd5 31.R1xd5  1-0

[Event "Tbilisi Interzonal (Women)"]
[Site "Tbilisi"]
[Date "1976.??.??"]
[Round "1"]
[White "Litinskaya, Marta I"]
[Black "Chiburdanidze, Maia"]
[Result "1-0"]
[WhiteElo "2290"]
[BlackElo "2220"]

1.d4 Nf6 2.c4 g6 3.Nc3 Bg7 4.e4 d6 5.Be2 O-O 6.Nf3 e5 7.O-O Nc6 8.d5 Ne7
9.Ne1 Nd7 10.Nd3 f5 11.Bd2 Nf6 12.f3 f4 13.Rc1 g5 14.c5 Ng6 15.cxd6 cxd6
16.Nf2 Rf7 17.Nb5 Bf8 18.a4 h5 19.h3 Rg7 20.Rc3 Nh4 21.Be1 a6 22.Na3 Bd7
23.a5 Rc8 24.Nc4 Bb5 25.Nb6 Rxc3 26.Bxc3 Be8 27.Qc2 g4 28.hxg4 hxg4 29.fxg4 Nh5
30.Rc1 Ng3 31.Bb4 Rh7 32.Bd1 f3 33.Qc8 Qg5 34.Rc7 Rxc7 35.Qxc7 Ne2+ 36.Bxe2 fxe2
37.Be1 Qf4 38.Qc3 Bg6 39.Qd3 Be8 40.b3 Bb5 41.Nc4  1-0

[Event "Tbilisi Interzonal (Women)"]
[Site "Tbilisi"]
[Date "1976.??.??"]
[Round "2"]
[White "Chiburdanidze, Maia"]
[Black "Zatulovskaya, Tatiana"]
[Result "1-0"]
[WhiteElo "2220"]
[BlackElo "2240"]

1.e4 e6 2.d4 d5 3.Nd2 Nc6 4.Ngf3 Nf6 5.e5 Nd7 6.Bd3 f6 7.Ng5 fxg5 8.Qh5+ g6
9.Bxg6+ hxg6 10.Qxg6+ Ke7 11.Ne4 Bh6 12.Bxg5+ Bxg5 13.Qg7+ Ke8 14.Qxh8+ Nf8
15.Qh5+ Kd7 16.Nc5+ Ke7 17.Qxg5+ Kf7 18.Qf4+ Ke8 19.h4 Qe7 20.h5 b6 21.Nd3 Ba6
22.O-O-O Nh7 23.c3 Kd7 24.Qh4 Bxd3 25.Qxe7+ Nxe7 26.Rxd3 Rg8 27.g3 Nf5 28.Kd2 Rg4
29.Rg1 c5 30.f4 Ke7 31.Ke2 Nf8 32.Kf3 Nh6 33.dxc5 bxc5 34.c4 d4 35.Ra3 Nd7
36.Rxa7 Rg8 37.g4 Rb8 38.b3 Rg8 39.Rg2 Rf8 40.Rg1 Rg8  1-0

[Event "Tbilisi Interzonal (Women)"]
[Site "Tbilisi"]
[Date "1976.??.??"]
[Round "3"]
[White "Fatalibekova, Elena"]
[Black "Chiburdanidze, Maia"]
[Result "1/2-1/2"]
[WhiteElo "2285"]
[BlackElo "2220"]

1.e4 c5 2.Nf3 Nc6 3.Bb5 e6 4.O-O Nge7 5.Re1 a6 6.Bxc6 Nxc6 7.d4 cxd4 8.Nxd4 d6
9.Nxc6 bxc6 10.Qg4 e5 11.Qg3 Be6 12.b3 f6 13.c4 Kf7 14.Nc3 Be7 15.Rd1 Qc7
16.Be3 Rhd8 17.Rac1 Qb7 18.f4 Kg8 19.Na4 Bf8 20.c5 exf4 21.Qxf4 dxc5 22.Bxc5 Bxc5+
23.Nxc5 Qb6 24.Rd6 Bf7 25.Kh1 Rxd6 26.Qxd6 Rd8 27.Nd7 Qf2 28.h3 Re8 29.Qxc6 Qxa2
30.Nc5 a5 31.Rd1 Qc2 32.Rd7 Qc1+ 33.Kh2 Qf4+ 34.Kg1 Qe3+ 35.Kh2  1/2-1/2

[Event "Tbilisi Interzonal (Women)"]
[Site "Tbilisi"]
[Date "1976.??.??"]
[Round "4"]
[White "Vujosevic, Smilja"]
[Black "Chiburdanidze, Maia"]
[Result "0-1"]
[WhiteElo "2120"]
[BlackElo "2220"]

1.e4 c5 2.Nf3 d6 3.d3 g6 4.Nc3 Bg7 5.Bd2 Nf6 6.Be2 O-O 7.Qc1 Nc6 8.Bh6 d5
9.Bxg7 Kxg7 10.exd5 Nxd5 11.Ne4 e5 12.Nxc5 Qa5+ 13.c3 Qxc5 14.h4 h5 15.Ng5 Nf4
16.g3 Nxe2 17.Kxe2 Bf5 18.f3 Rad8 19.Ne4 Bxe4 20.fxe4 f5 21.exf5 Rxf5 22.Rh2 e4
23.d4 Qc4+  0-1

[Event "Tbilisi Interzonal (Women)"]
[Site "Tbilisi"]
[Date "1976.??.??"]
[Round "5"]
[White "Chiburdanidze, Maia"]
[Black "Kozlovskaya, Valentina"]
[Result "1-0"]
[WhiteElo "2220"]
[BlackElo "2295"]

1.e4 c5 2.Nf3 Nc6 3.d4 cxd4 4.Nxd4 Nf6 5.Nc3 d6 6.Bg5 e6 7.Qd2 a6 8.O-O-O h6
9.Be3 Bd7 10.f3 b5 11.g4 b4 12.Nce2 Ne5 13.Ng3 Be7 14.h4 Qc7 15.Kb1 a5 16.g5 hxg5
17.hxg5 Rxh1 18.Nxh1 Nh5 19.Nb5 Qc6 20.Nxd6+ Bxd6 21.Qxd6 Rc8 22.Qxc6 Bxc6
23.Be2 Ng6 24.Nf2 Nhf4 25.Bf1 e5 26.Nd3 Nxd3 27.Bxd3 Nf4 28.Bf1 Bd7 29.Bxf4 exf4
30.Rxd7 Kxd7 31.Bh3+ Kc7 32.Bxc8 Kxc8 33.c3 bxc3 34.b3 Kd7 35.Kc2 Ke6 36.Kxc3 f5
37.gxf6 Kxf6 38.a3 g5 39.b4 axb4+ 40.axb4 g4  1-0

[Event "Tbilisi Interzonal (Women)"]
[Site "Tbilisi"]
[Date "1976.??.??"]
[Round "6"]
[White "Kellner, Narelle"]
[Black "Chiburdanidze, Maia"]
[Result "1/2-1/2"]
[WhiteElo "2000"]
[BlackElo "2220"]

1.e4 c5 2.Nf3 Nc6 3.d4 cxd4 4.Nxd4 g6 5.Be2 Bg7 6.Be3 Nf6 7.Nd2 O-O 8.O-O d5
9.Nxc6 bxc6 10.e5 Nd7 11.f4 Qc7 12.c4 dxc4 13.Nxc4 Nb6 14.Nxb6 axb6 15.Qb3 c5
16.Bc4 Bb7 17.Rfd1 Bc6 18.Rd2 Ba4 19.Qc3 Rfd8 20.b3 Rxd2 21.Qxd2 Rd8 22.Qe2 Bc6
23.Rd1 e6 24.Rxd8+ Qxd8 25.Qd2 Qxd2 26.Bxd2 Kf8 27.a4 Ke8 28.Kf2 Kd7 29.g3  1/2-1/2

[Event "Tbilisi Interzonal (Women)"]
[Site "Tbilisi"]
[Date "1976.??.??"]
[Round "7"]
[White "Chiburdanidze, Maia"]
[Black "Feustel, Petra"]
[Result "1-0"]
[WhiteElo "2220"]
[BlackElo "2105"]

1.e4 e6 2.d4 d5 3.Nd2 c5 4.Ngf3 Nc6 5.exd5 exd5 6.Bb5 Bd6 7.dxc5 Bxc5 8.O-O Ne7
9.Nb3 Bb6 10.Re1 O-O 11.Be3 Bf5 12.c3 Be4 13.Nbd4 Bc7 14.Qd2 Qd6 15.g3 Ng6
16.Ng5 Nxd4 17.Bxd4 a6 18.Bd3 Bxd3 19.Qxd3 h6 20.Ne6 fxe6 21.Qxg6 e5 22.Qxd6 Bxd6
23.Bxe5 Bc5 24.Bd4 Bxd4 25.cxd4 Rf7 26.Rad1 Rc8 27.Rd2 Rf6 28.Re5 Rc1+ 29.Kg2 Rd6
30.h4 Kf7 31.Rde2 Rd7 32.Rf5+ Kg6 33.g4 Rd1 34.Rf4 Kh7 35.h5 g5 36.hxg6+ Kxg6
37.b3 Rd6 38.Re5 Rd2 39.Re7 Rd3 40.Rff7 Rxd4 41.Kg3 Rc6 42.f4 Rc2 43.Rg7+ Kf6
44.g5+ hxg5 45.Rgf7+ Kg6 46.f5+ Kh6 47.Rh7+  1-0

[Event "Tbilisi Interzonal (Women)"]
[Site "Tbilisi"]
[Date "1976.??.??"]
[Round "8"]
[White "Baumstark, Gertrude"]
[Black "Chiburdanidze, Maia"]
[Result "1/2-1/2"]
[WhiteElo "2210"]
[BlackElo "2220"]

1.e4 c5 2.Nf3 Nc6 3.d4 cxd4 4.Nxd4 g6 5.c4 Bg7 6.Be3 Nh6 7.Be2 f5 8.Qd2 Nxd4
9.Bxd4 Bxd4 10.Qxd4 O-O 11.O-O d6 12.Nc3 f4 13.Rad1 Nf7 14.c5 Be6 15.Nd5 Bxd5  1/2-1/2

[Event "Tbilisi Interzonal (Women)"]
[Site "Tbilisi"]
[Date "1976.??.??"]
[Round "9"]
[White "Chiburdanidze, Maia"]
[Black "Kaufman, Orly"]
[Result "1-0"]
[WhiteElo "2220"]
[BlackElo "2000"]

1.e4 c5 2.Nf3 d6 3.d4 cxd4 4.Nxd4 Nf6 5.Nc3 a6 6.Bg5 e6 7.f4 Be7 8.Qf3 Qc7
9.O-O-O Nbd7 10.Qg3 h6 11.Bh4 g5 12.fxg5 Rg8 13.Be2 Nh7 14.g6 Rxg6 15.Qf2 Ne5
16.Nf5 Bf8 17.Nd4 Be7 18.Bxe7 Qxe7 19.Nf3 Bd7 20.Rd2 Bc6 21.Rhd1 Nxf3 22.gxf3 Rd8
23.e5 d5 24.Bd3 Rg7 25.Bxh7 Rxh7 26.Ne4 Rg7 27.Nf6+ Kf8 28.Qh4 Rg6 29.Rg2 Kg7
30.Rdg1 Qc7 31.Qh5 Rxg2 32.Rxg2+ Kf8 33.Qh4 Qa5 34.b4 Qa3+ 35.Kd2 Ke7 36.Nxd5+ Kd7
37.Qe7+  1-0

[Event "Tbilisi Interzonal (Women)"]
[Site "Tbilisi"]
[Date "1976.??.??"]
[Round "10"]
[White "Savereide, Diane"]
[Black "Chiburdanidze, Maia"]
[Result "1/2-1/2"]
[WhiteElo "2165"]
[BlackElo "2220"]

1.e4 c5 2.Nf3 Nc6 3.d4 cxd4 4.Nxd4 Qb6 5.Nb3 Nf6 6.Nc3 e6 7.Bd3 Be7 8.O-O a6
9.a4 Qc7 10.Be3 b6 11.f4 d6 12.Qe2 O-O 13.Rad1 Bb7 14.Rf3 Nb4 15.Rg3 Rfe8
16.Nd4 Bf8 17.Nf3 e5 18.fxe5 dxe5 19.Rf1 Nh5 20.Rh3 Nf4 21.Bxf4 exf4  1/2-1/2

[Event "Tbilisi Interzonal (Women)"]
[Site "Tbilisi"]
[Date "1976.??.??"]
[Round "11"]
[White "Chiburdanidze, Maia"]
[Black "Ivanka Budinsky, Maria"]
[Result "1/2-1/2"]
[WhiteElo "2220"]
[BlackElo "2320"]

1.e4 c5 2.Nf3 e6 3.d4 cxd4 4.Nxd4 Nf6 5.Nc3 d6 6.g4 h6 7.g5 hxg5 8.Bxg5 Nc6
9.Qd2 Bd7 10.O-O-O a6 11.f4 Qc7 12.Bg2 Be7 13.h4 O-O-O 14.Rhe1 Nxd4 15.Qxd4 Bc6
16.Qe3 Kb8 17.Bf3 Rc8 18.Rd2 Rhd8 19.Kb1 b5 20.Ne2 d5 21.e5 d4 22.Nxd4 Bxf3
23.exf6 gxf6 24.Nxf3 fxg5 25.fxg5 Bc5 26.Qe5 Qxe5 27.Rxe5 Rxd2 28.Nxd2 Rd8
29.Kc1 Bd4 30.Re4 Bxb2+ 31.Kxb2 Rxd2 32.Rf4 Rd7 33.h5 e5 34.Re4 Re7 35.h6 Re8
36.h7 Rh8 37.Rh4 Kc7 38.Rh6 Kd7 39.Kc3 Ke7 40.Kd3 Kf8 41.Ke4 Kg7 42.Kxe5 Rxh7
43.Rxa6 Rh4 44.Kf5 Rc4 45.Rb6 b4  1/2-1/2

[Event "Buenos Aires ol (Women)"]
[Site "Buenos Aires"]
[Date "1978.??.??"]
[Round "?"]
[White "Van der Mije, Alexandra"]
[Black "Chiburdanidze, Maia"]
[Result "1/2-1/2"]
[WhiteElo "2270"]
[BlackElo "2340"]

1.e4 e5 2.Nf3 Nc6 3.Bb5 a6 4.Ba4 Nf6 5.O-O b5 6.Bb3 Bb7 7.d4 Nxd4 8.Nxd4 exd4
9.e5 Ne4 10.f3 Nc5 11.Qxd4 Qe7 12.Be3 Nxb3 13.axb3 O-O-O 14.c4 c5 15.Qf4 Re8
16.cxb5 axb5 17.Nc3 Qxe5 18.Rfe1 Bd6 19.Qxe5 Rxe5 20.Nxb5 Bb8 21.Bf2 Rhe8
22.Rec1 Bc6 23.Na7+ Bxa7 24.Rxa7 Re2 25.Rxc5 Kb8 26.Rca5 R8e6 27.Bg3+ Kc8
28.Rc5 Rxb2 29.Ra8+ Kb7 30.Rb8+ Ka6 31.Rc1 Ree2 32.Ra1+ Ra2 33.Rxa2+ Rxa2
34.Be5  1/2-1/2

[Event "Buenos Aires ol (Women)"]
[Site "Buenos Aires"]
[Date "1978.??.??"]
[Round "?"]
[White "Chiburdanidze, Maia"]
[Black "Bellin, Jana"]
[Result "1-0"]
[WhiteElo "2340"]
[BlackElo "2000"]

1.e4 c6 2.d4 d5 3.Nd2 dxe4 4.Nxe4 Bf5 5.Ng3 Bg6 6.Nf3 Nd7 7.h4 h6 8.h5 Bh7
9.Bd3 Bxd3 10.Qxd3 Ngf6 11.Bd2 Qc7 12.O-O-O e6 13.c4 O-O-O 14.Qe2 c5 15.Bc3 Bd6
16.Ne4 Nxe4 17.Qxe4 Nf6 18.Qe2 cxd4 19.Nxd4 Bc5 20.g3 Qb6 21.Nb3 Qc6 22.f3 Rxd1+
23.Rxd1 Rd8 24.Rxd8+ Kxd8 25.Nxc5 Qxc5 26.g4 Ke7 27.Kc2 g6 28.b4 Qc6 29.b5 Qc5
30.Kb3 Qc7 31.Bb4+ Kd7 32.Qd2+ Kc8 33.hxg6 fxg6 34.Qxh6 Qd7 35.Qe3 b6 36.Kc2  1-0

[Event "Buenos Aires ol (Women)"]
[Site "Buenos Aires"]
[Date "1978.??.??"]
[Round "?"]
[White "Chiburdanidze, Maia"]
[Black "Erenska Radzewska, Hanna"]
[Result "1-0"]
[WhiteElo "2340"]
[BlackElo "2165"]

1.e4 c5 2.Nf3 e6 3.d4 cxd4 4.Nxd4 Nf6 5.Nc3 d6 6.g4 h6 7.g5 hxg5 8.Bxg5 Nc6
9.Qd2 Qb6 10.Nb3 Ne5 11.Qe2 Bd7 12.O-O-O Rc8 13.f4 Nc4 14.Rd4 Na5 15.Qd2 Nxb3+
16.axb3 Ng4 17.Be2 Nf2 18.Rf1 Rxh2 19.f5 e5 20.Rc4 Rxc4 21.Bxc4 Bc6 22.Nd5 Nxe4
23.Qxh2 Bxd5 24.Bxd5 Nxg5 25.Kb1 Qc7 26.Qg1 Qc5 27.Qxc5 dxc5 28.Bxb7 Kd7
29.c3 Kc7 30.Bd5 Be7 31.Kc2 f6 32.Ra1 Kb6 33.Rh1 Kc7 34.Rh8 Kd6 35.c4 e4
36.Kd2 Nf3+ 37.Ke3 Nd4 38.Kxe4 Nxb3 39.Rb8 Nd2+ 40.Kd3 Nf1 41.Rb7 Ng3 42.Be6 Bf8
43.Rf7 Be7 44.Rxg7 Nh5 45.Rg4 Bf8 46.Ke4 Kc6 47.Bf7 Ng7 48.Rg6 Kd6 49.Rg1 Kc6
50.Ra1 Kb6 51.Rh1  1-0

[Event "Buenos Aires ol (Women)"]
[Site "Buenos Aires"]
[Date "1978.??.??"]
[Round "?"]
[White "Chiburdanidze, Maia"]
[Black "Merlini, Milinka"]
[Result "1-0"]
[WhiteElo "2340"]
[BlackElo "2045"]

1.e4 c5 2.Nf3 Nc6 3.d4 cxd4 4.Nxd4 Nf6 5.Nc3 d6 6.Bg5 e5 7.Ndb5 a6 8.Na3 b5
9.Bxf6 gxf6 10.Nd5 Be6 11.c3 h6 12.Nc2 f5 13.exf5 Bxf5 14.Nce3 Be6 15.Bd3 Bxd5
16.Nxd5 Bg7 17.Qf3 Ra7 18.O-O Qg5 19.a4 b4 20.Bxa6 bxc3 21.Bb5 O-O 22.Bxc6 cxb2
23.Rab1 Rc8 24.Bb5 f5 25.Qb3 Kh8 26.Rxb2 e4 27.Rc2 Rf8 28.Qe3 Raa8 29.Qxg5 hxg5
30.Nc7 Rac8 31.Rfc1 Be5 32.Ne6 Rxc2 33.Rxc2 Ra8 34.Nxg5 Ra7 35.Ne6 d5 36.Nc5  1-0

[Event "Buenos Aires ol (Women)"]
[Site "Buenos Aires"]
[Date "1978.??.??"]
[Round "?"]
[White "Garcia, Nieves"]
[Black "Chiburdanidze, Maia"]
[Result "0-1"]
[WhiteElo "2120"]
[BlackElo "2340"]

1.c4 g6 2.g3 Bg7 3.Bg2 Nf6 4.Nc3 O-O 5.Nf3 d6 6.O-O Nc6 7.d4 a6 8.b3 Rb8
9.Bb2 b5 10.cxb5 axb5 11.Ne1 Bd7 12.Rc1 Na7 13.Ba1 c5 14.dxc5 dxc5 15.a4 Bh6
16.Rb1 Be6 17.Nd3 Qc7 18.Qc2 Rfc8 19.Ne4 Nxe4 20.Bxe4 f6 21.e3 c4 22.bxc4 Qxc4
23.Qxc4 Bxc4 24.Rfd1 f5 25.Bf3 bxa4 26.Rxb8 Rxb8 27.Nc5 a3 28.Nd7 Re8 29.Nb6 Be6
30.Nd5 Rb8 31.Bd4 Nc6 32.Ra1 Nxd4 33.exd4 Rb3 34.Bg2 a2  0-1

[Event "Buenos Aires ol (Women)"]
[Site "Buenos Aires"]
[Date "1978.??.??"]
[Round "?"]
[White "Laakmann, Anni"]
[Black "Chiburdanidze, Maia"]
[Result "0-1"]
[WhiteElo "2160"]
[BlackElo "2340"]

1.e4 c5 2.Nf3 d6 3.d4 cxd4 4.Qxd4 a6 5.Bc4 Nc6 6.Qe3 e6 7.Nc3 Nf6 8.O-O Be7
9.Bd2 b5 10.Bb3 O-O 11.Rad1 Qc7 12.h3 Bb7 13.Ne2 Na5 14.Bxa5 Qxa5 15.Ng3 Qc7
16.Rfe1 Rfd8 17.Nd4 Qc5 18.c3 Bf8 19.Qe2 Re8 20.Bc2 Rac8 21.Bb3 Nd7 22.Nf3 Nb6
23.Nd2 a5 24.a3 Red8 25.Qg4 g6 26.e5 dxe5 27.Bxe6 fxe6 28.Qxe6+ Kh8 29.Nde4 Qc6
30.Qxe5+ Bg7 31.Qg5 Rxd1 32.Rxd1 Nd5 33.f3 Rf8 34.Ne2 h6 35.Qh4 Qb6+ 36.Nd4 Ne3  0-1

[Event "Buenos Aires ol (Women)"]
[Site "Buenos Aires"]
[Date "1978.??.??"]
[Round "?"]
[White "Landry Vuorenpaa, Sirkka"]
[Black "Chiburdanidze, Maia"]
[Result "0-1"]
[WhiteElo "2000"]
[BlackElo "2340"]

1.c4 g6 2.Nc3 Bg7 3.g3 Nf6 4.Bg2 O-O 5.e3 e5 6.d3 c6 7.Nge2 d6 8.O-O Be6
9.h3 Na6 10.b3 d5 11.cxd5 Nxd5 12.Nxd5 Bxd5 13.e4 Be6 14.Ba3 c5 15.Qd2 Qd7
16.Kh2 Rad8 17.Rad1 f5 18.Qa5 Qc8 19.f3 Rf7 20.Rfe1 b6 21.Qc3 Nc7 22.Bb2 Qa6
23.Nc1 f4 24.g4 Nb5 25.Qc2 Nd4 26.Qf2 Rfd7 27.Bf1 b5 28.Kg2 Bf8 29.Bc3 Be7
30.Rd2 Nc6 31.Red1 Qb7 32.Bb2 h5 33.Qe1 Kf7 34.Qf2 Rh8 35.Ne2 Rdd8 36.Kg1 Qd7
37.Nc3 Nd4 38.Bg2 Rdf8 39.Ne2 Nc6 40.Ba3 b4 41.Bb2 Kg8 42.Kf1 hxg4 43.hxg4 Bd6
44.Ng1 a5 45.Ba1 Rh7 46.Rc1 Ra8 47.Nh3 Qe7 48.Ng1 a4 49.bxa4 Rxa4 50.Qe2 Qa7
51.Nh3 Bxa2 52.Ng5 Rh6 53.d4 exd4 54.Rxa2 Rxa2 55.Qc4+ Kf8 56.Qe6 Qa6+ 57.Kg1 Rxg2+
58.Kxg2 Qe2+ 59.Kg1 Qe3+ 60.Kg2  0-1

[Event "Buenos Aires ol (Women)"]
[Site "Buenos Aires"]
[Date "1978.??.??"]
[Round "?"]
[White "Lematschko, Tatjana"]
[Black "Chiburdanidze, Maia"]
[Result "1/2-1/2"]
[WhiteElo "2230"]
[BlackElo "2340"]

1.e4 c5 2.c3 Nf6 3.e5 Nd5 4.d4 cxd4 5.cxd4 d6 6.Bc4 e6 7.Nf3 Nc6 8.O-O Be7
9.a3 O-O 10.Nbd2 Qb6 11.Bd3 Nxd4 12.Nc4 Nxf3+ 13.Qxf3 Qc7 14.exd6 Bxd6 15.Nxd6 Qxd6
16.Rd1 Qe5 17.Qe4 Qxe4 18.Bxe4 Nf6 19.Bf3 e5 20.Bg5 e4 21.Bxf6 exf3 22.Bc3 fxg2
23.Kxg2 Be6 24.Rd4 Rfc8 25.Rad1 h6 26.R1d3 Rc5 27.h4 Rac8 28.Kg3 Kh7 29.Bb4 Rc1
30.Rc3 R8xc3+ 31.Bxc3 Kg6 32.Bd2 Rc2 33.Bc3 h5 34.Re4 a6 35.Re5 Bf5 36.Re1  1/2-1/2

[Event "Buenos Aires ol (Women)"]
[Site "Buenos Aires"]
[Date "1978.??.??"]
[Round "?"]
[White "Markovic, Gordana"]
[Black "Chiburdanidze, Maia"]
[Result "1/2-1/2"]
[WhiteElo "2195"]
[BlackElo "2340"]

1.e4 c5 2.Nf3 d6 3.d4 cxd4 4.Nxd4 Nf6 5.Nc3 a6 6.Be2 e5 7.Nb3 Be7 8.f4 O-O
9.a4 Nc6 10.O-O b6 11.Be3 Bb7 12.Bf3 exf4 13.Bxf4 Rc8 14.Kh1 Ne5 15.Nd4 g6
16.Qe2 Re8 17.Rad1 Qc7 18.Rfe1 Bf8 19.Qf1 Nc4 20.Bc1 Bg7 21.b3 Ne5 22.Bb2 Qc5
23.Re2 Rc7 24.Nd5 Nxd5 25.exd5 Rce7 26.c4 Nxf3 27.Rxe7 Rxe7 28.gxf3 h5 29.Qg2 Qc8
30.Qg3 Qd7 31.Ba1 Kh7 32.Re1 Qe8 33.Rxe7 Qxe7 34.Qg1 Bc8 35.Nc6 Qe2 36.Bxg7 Qxf3+
37.Qg2 Qd1+ 38.Qg1 Qxg1+ 39.Kxg1 Kxg7 40.a5 bxa5 41.Nxa5 Kf8 42.Kf2 Ke7 43.b4 g5
44.Ke3 f5 45.c5 f4+ 46.Ke4 Bh3 47.Nc4 Bg2+ 48.Kd4 f3 49.Ke3 f2  1/2-1/2

[Event "Vilnius"]
[Site "Vilnius"]
[Date "1978.??.??"]
[Round "1"]
[White "Chiburdanidze, Maia"]
[Black "Espig, Lutz"]
[Result "1/2-1/2"]
[WhiteElo "2340"]
[BlackElo "2470"]

1.e4 g6 2.d4 Bg7 3.Nc3 c6 4.Nf3 b5 5.Bd3 d6 6.h3 Nd7 7.O-O Bb7 8.Qe2 b4 9.Nb1 c5
10.dxc5 Nxc5 11.Bb5+ Kf8 12.Nbd2 Rc8 13.Rd1 Qc7 14.a3 a6 15.Bd3 Nxd3 16.cxd3 bxa3
17.Rxa3 Nf6 18.Rc3 Qb8 19.Rxc8+ Qxc8 20.Nb3 h6 21.Be3 Kg8 22.Rc1 Qb8 23.Na5 Kh7
24.Qc2 Bc8 25.Qc7 Bd7 26.Bd4 Qb5 27.Nc4 Rc8 28.Qa7 d5 29.exd5 Qxd5 30.Re1 Ra8
31.Qc7 Rc8 32.Qa7 Ra8 33.Qc7 Rc8 34.Qf4 Re8 35.Nfe5 Be6 36.Qe3 Rd8 37.Bc3 Qb5
38.Qg3 Nh5 39.Qe3 Nf6 40.Qg3 Nh5 41.Qe3  1/2-1/2

[Event "Vilnius"]
[Site "Vilnius"]
[Date "1978.??.??"]
[Round "2"]
[White "Chiburdanidze, Maia"]
[Black "Lechtynsky, Jiri"]
[Result "0-1"]
[WhiteElo "2340"]
[BlackElo "2420"]

1.e4 e6 2.d4 d5 3.Nd2 Nf6 4.e5 Nfd7 5.f4 c5 6.Ndf3 Nc6 7.c3 Qb6 8.Ne2 f6
9.g3 cxd4 10.cxd4 fxe5 11.Bh3 exd4 12.Bxe6 Nf6 13.Bxc8 Rxc8 14.Kf1 Bc5 15.a3 a5
16.Qd3 Qa6 17.Qxa6 bxa6 18.Kg2 O-O 19.Rd1 Rfe8 20.Kf1 Re4 21.Bd2 Rce8 22.Neg1 d3
23.Rac1 Nd7 24.Re1 Nd4 25.Rc3 Nc2 26.Rc1 Ne3+ 27.Bxe3 Bxe3 28.Rd1 Nc5 29.Nh3 Rb8
30.b3 a4 31.b4 Rc4 32.Rcxd3 Nxd3 33.Rxd3 d4 34.Ne1 h6 35.Nf2 Rc1 36.Nd1 Re8
37.Nf3 Re4 38.Ne1 Kf7 39.h3 g5 40.g4  0-1

[Event "Vilnius"]
[Site "Vilnius"]
[Date "1978.??.??"]
[Round "3"]
[White "Gulko, Boris F"]
[Black "Chiburdanidze, Maia"]
[Result "1-0"]
[WhiteElo "2575"]
[BlackElo "2340"]

1.d4 Nf6 2.g3 g6 3.Bg2 Bg7 4.e4 d6 5.Ne2 O-O 6.O-O e5 7.Nbc3 Nc6 8.d5 Ne7
9.f4 Ne8 10.Qd3 Bd7 11.f5 c6 12.g4 Rc8 13.Ng3 f6 14.Be3 Qc7 15.a4 Kh8 16.a5 Qb8
17.Rf2 Rd8 18.Raf1 Nc7 19.dxc6 Nxc6 20.g5 gxf5 21.exf5 Be8 22.Qe4 Ne7 23.Qh4 d5
24.Nh5 Ng8 25.gxf6 Bxf6 26.Nxf6 Nxf6 27.Bg5 Rd6 28.Qg3 Nd7 29.Be7 Rg8 30.Qh3 Rc6
31.f6 Bf7 32.Qxd7 Be6 33.f7 Bxd7 34.fxg8=Q+ Qxg8 35.Rf8 Be6  1-0

[Event "Vilnius"]
[Site "Vilnius"]
[Date "1978.??.??"]
[Round "4"]
[White "Chiburdanidze, Maia"]
[Black "Reshevsky, Samuel Herman"]
[Result "1/2-1/2"]
[WhiteElo "2340"]
[BlackElo "2490"]

1.e4 e5 2.Nf3 Nc6 3.Bb5 a6 4.Ba4 Nf6 5.O-O Be7 6.Re1 b5 7.Bb3 d6 8.c3 O-O
9.h3 Nb8 10.d4 Nbd7 11.Nbd2 Bb7 12.Nf1 g6 13.Ng3 Re8 14.Bc2 Bf8 15.a4 c5
16.d5 Nb6 17.Qe2 bxa4 18.Bxa4 Nxa4 19.Rxa4 Bc8 20.c4 Rb8 21.Ra2 Bg7 22.Bd2 Re7
23.Rb1 Reb7 24.Ne1 Rb3 25.Nd3 h5 26.f3 h4 27.Nf1 Nh5 28.Be3 Bf6 29.Qd2 Be7
30.Rba1 g5 31.Ra3 Nf4 32.Rxb3 Rxb3 33.Qc2 Rb6 34.Ra3 Bd7 35.Nxf4 exf4 36.Bd2 Bf6
37.Bc3 Kg7 38.Nd2 Bxc3 39.Qxc3+ Qf6 40.Nb3 Qxc3 41.bxc3 Kf6 42.Kf2 Ke5 43.Ke2 f5
44.exf5 Bxf5 45.Nd2 Kf6 46.Ra2 Ke7 47.Ra1 Kd7 48.Ra3 Kc7 49.Ra1 Kb7 50.Ra2 Bg6
51.Ne4 Bxe4 52.fxe4 Rb3 53.Kd3 Rb1 54.e5 dxe5 55.Ke4 Re1+ 56.Kf5 e4 57.Kxg5  1/2-1/2

[Event "Vilnius"]
[Site "Vilnius"]
[Date "1978.??.??"]
[Round "6"]
[White "Chiburdanidze, Maia"]
[Black "Tukmakov, Vladimir B"]
[Result "0-1"]
[WhiteElo "2340"]
[BlackElo "2560"]

1.e4 c5 2.Nf3 d6 3.d4 cxd4 4.Nxd4 Nf6 5.Nc3 a6 6.Be2 e5 7.Nb3 Be7 8.O-O O-O
9.a4 Nc6 10.f4 Nb4 11.Kh1 b6 12.Bf3 Bb7 13.Be3 Qc7 14.Qd2 d5 15.exd5 e4 16.Nxe4 Nfxd5
17.Nd4 Rad8 18.c3 Nxe3 19.Qxe3 Nd5 20.Qf2 Qxf4 21.Rae1 g6 22.Qg3 Qxg3 23.Nxg3 Rd7
24.Nc2 Kg7 25.c4 Nf6 26.Bxb7 Rxb7 27.Ne4 Rd8 28.b3 Rd3 29.Nxf6 Bxf6 30.Re3 Rbd7
31.h3 a5 32.Ref3 Rxf3 33.gxf3 Rd3 34.Rb1 Rxf3 35.Kg2 Rc3 36.Ne1 Be7 37.Nf3 Rc2+
38.Kf1 Bc5 39.Ke1 Rc3  0-1

[Event "Vilnius"]
[Site "Vilnius"]
[Date "1978.??.??"]
[Round "8"]
[White "Chiburdanidze, Maia"]
[Black "Kaiszauri, Konstanty"]
[Result "1-0"]
[WhiteElo "2340"]
[BlackElo "2420"]

1.e4 e5 2.Nf3 Nc6 3.Bb5 a6 4.Ba4 Nf6 5.O-O b5 6.Bb3 Bb7 7.Re1 Bc5 8.c3 d6
9.d4 Bb6 10.Bg5 h6 11.Bh4 Qd7 12.a4 O-O-O 13.axb5 axb5 14.Na3 g5 15.Bg3 h5
16.h4 Rdg8 17.Nxg5 exd4 18.Bxf7 Rxg5 19.hxg5 h4 20.Bh2 dxc3 21.Bg6 Ne7 22.gxf6 Nxg6
23.bxc3 Rf8 24.Nxb5 h3 25.Nd4 hxg2 26.Qf3 Nh4 27.Qg3 Qh7 28.Qg7 Qxg7 29.fxg7 Rg8
30.Re3 Rxg7 31.Bg3 Rh7 32.Bxh4 Rxh4 33.Kxg2 d5 34.exd5 Bxd4 35.cxd4 Rxd4
36.Ra5 Bxd5+ 37.Kg3 Kd7 38.f4 Kd6 39.Kg4 Rd1 40.Kf5 Rf1 41.Kg5 Bc4 42.f5 c5
43.Kf6 Rc1 44.Re8 Bb3 45.Ra6+ Kd5 46.Re5+ Kd4 47.Rd6+ Kc4 48.Ke7 Kb4 49.Rb6+ Ka3
50.f6  1-0

[Event "Vilnius"]
[Site "Vilnius"]
[Date "1978.??.??"]
[Round "9"]
[White "Damjanovic, Mato"]
[Black "Chiburdanidze, Maia"]
[Result "1/2-1/2"]
[WhiteElo "2455"]
[BlackElo "2340"]

1.e4 c5 2.Nf3 Nc6 3.Bb5 e6 4.O-O Nge7 5.c3 a6 6.Ba4 b5 7.Bc2 d5 8.exd5 Nxd5
9.d4 Bb7 10.dxc5 Bxc5 11.Nbd2 Nf6 12.Qe2 Qc7 13.Ne4 Be7 14.Re1 Nxe4 15.Bxe4 O-O
16.Bg5 Na5 17.Bxe7 Qxe7 18.Ne5 Bxe4 19.Qxe4 Rac8 20.Rad1 Rc7 21.a4 Nc4 22.axb5 axb5
23.Nxc4 Rxc4 24.Qd3 Rfc8 25.Re5 b4 26.Rb5 g6 27.cxb4 Rxb4 28.h3 Rxb5 29.Qxb5 Qf6
30.Qb6 Rc2 31.b4 Rb2 32.Qc5 Kg7 33.b5 Qf5 34.Qd4+ Qf6 35.Qc4 Qf5  1/2-1/2